Die EU-Erweiterung mit Analysen und Reportagen aus der Zeit und Zahlen, Daten, Fakten aus dem Fischer-Weltalmanach

Bibliographic Details
Other Authors: Ullrich, Volker 1943- (Editor), Rudloff, Felix (Editor)
Format: Book
Language:German
PhysicalDescription:192 s. ilustr., tab. 22 cm
Published: Frankfurt am Main Fischer Taschenbuch Verlag 2005
ISBN:3596723000 (brož.)
Edition:3. Aufl.
Series:Fischer
Subjects:

MARC

LEADER 00000nam a2200000 a 4500
001 vtls008294760
003 SK-MaSNL
005 20260302074138.0
008 251029s2005 gw abl g 000 0 ger
020 |a 3596723000 (brož.) 
040 |a SNK  |b slo  |c SNK  |e AACR2 
041 0 |a ger 
044 |a gw  |c DE 
072 7 |a 339.7/.9  |x Svetová ekonomika a medzinárodné financie  |2 konspekt 
080 |a 339.922  |2 2001 
080 |a 339.923  |2 2001 
080 |a 341.24  |2 2001 
080 |a 327  |2 2001 
080 |a (4)  |2 2001 
080 |a (048.8)  |2 2001 
245 0 4 |a Die EU-Erweiterung  |b mit Analysen und Reportagen aus der Zeit und Zahlen, Daten, Fakten aus dem Fischer-Weltalmanach  |c herausgegeben von Volker Ullrich und Felix Rudloff 
250 |a 3. Aufl. 
260 |a Frankfurt am Main  |b Fischer Taschenbuch Verlag  |c 2005 
300 |a 192 s.  |b ilustr., tab.  |c 22 cm 
490 1 |a Fischer  |v 72300 
500 |a Die Zeit 
500 |a Der Fischer-Weltalmanach aktuell 
610 2 7 |a Európska únia  |2 SNKKA  |9 29861 
650 0 7 |a rozširovanie Európskej únie  |2 SNKPH  |9 3624 
650 0 7 |a európska integrácia  |2 SNKPH  |9 2140 
655 7 |a štúdie  |2 SNKPH  |9 57033 
700 1 |a Ullrich, Volker  |d 1943-  |4 edt  |9 739417 
700 1 |a Rudloff, Felix  |4 edt  |9 739418 
830 0 |a Fischer  |9 427043 
919 |a 3-596-72300-0 
999 |c 1163864  |d 1165794 
952 |a SNK  |b SNK  |y VYP  |7 0  |p 17A0484913  |o snkIC 132294  |i snk2005/17188  |8 2  |g 11.52  |0 0  |1 0  |4 0  |d 2005-08-17  |l 0  |r 2026-02-24 20:41:23  |w 2026-02-24